000 00663nam a22001817a 4500
005 20251108164154.0
008 250721s1986 xx 000 0 ara d
082 1 4 _a338.19/لجن
245 1 0 _aالمجاعة هل هي كارثة من صنع الإنسان ؟ :
_bهل هي كارثة من صنع الإنسان ؟ /
264 1 _aالقاهرة :
_bمؤسسة الأهرام،
_c1986.
300 _a167ص
650 1 7 _aالزراعة
650 1 7 _aالإقتصادالزراعي
650 1 7 _aالأغذية
710 2 _aاللجنة المستقلة المعنية بالقضايا الإنسانية الدولية
942 _2ddc
_cBK
999 _c5473
_d5473